Body and beauty care / (Record no. 54823)

MARC details
000 -LEADER
fixed length control field 02812nam a22003497a 4500
005 - DATE AND TIME OF LATEST TRANSACTION
control field 20110804101144.0
010 ## - LCCN (DPL NO)
LC control number ENG-103215 B-457851-860
020 ## - INTERNATIONAL STANDARD BOOK NUMBER
International Standard Book Number 9788183822565
Terms of availability 125.00
035 ## - SYSTEM CONTROL NUMBER
System control number EN-86748 B-457851-860
037 ## - SOURCE OF ACQUISITION
Source of stock number/acquisition DBAD / PUB
037 ## - SOURCE OF ACQUISITION
Source of stock number/acquisition K.K.Pub/Ven
082 ## - DEWEY DECIMAL CLASSIFICATION NUMBER
Classification number 646.72
100 ## - MAIN ENTRY--PERSONAL NAME
Personal name Sharma, Rajeev
245 ## - TITLE STATEMENT
Title Body and beauty care /
Statement of responsibility, etc by Rajeev Sharma
260 ## - PUBLICATION, DISTRIBUTION, ETC. (IMPRINT)
Place of publication, distribution, etc New Delhi
Name of publisher, distributor, etc Lotus Press
Date of publication, distribution, etc 2011
270 ## - ADDRESS
Address 4263/3, Ansari Road, Darya Ganj
City New Delhi
Postal code 110002
Telephone number 32903912,23280047
Electronic mail address lotus_press@sify.com
300 ## - PHYSICAL DESCRIPTION
Extent 231p. :
Dimensions 22cm (pbk)
Other physical details ill.
700 ## - ADDED ENTRY--PERSONAL NAME
9 (RLIN) 29871
942 ## - ADDED ENTRY ELEMENTS (KOHA)
Source of classification or shelving scheme Dewey Decimal Classification
Item type English Books
Call number suffix SHA
Classification part 646.72
Holdings
Withdrawn status Lost status Not for loan Collection code Home library Current library Date acquired Source of acquisition Cost, normal purchase price Full call number Barcode Copy number Cost, replacement price Koha item type
      Non-fiction Andrews Gunj Andrews Gunj 07/06/2012 K.K.Pub/1658/24.01.2012/25/24.01.2012/06.02.2012 125.00 646.72 SHA B-457856 1 125.00 English Books
  Written-off vide DLB M. No. 383 dt 16.05.19   Non-fiction Central Library Central Library 07/06/2012 K.K.Pub/1658/24.01.2012/25/24.01.2012/06.02.2012 125.00 646.72 SHA B-457851 1 125.00 English Books
    Not For Loan Non-fiction D.B.Act.Division D.B.Act.Division 04/08/2011 DBAD/PUB 125.00 646.72 SHA EN-86748 1 125.00 English Books
      Non-fiction Janak Puri Janak Puri 07/06/2012 K.K.Pub/1658/24.01.2012/25/24.01.2012/06.02.2012 125.00 646.72 SHA B-457853 1 125.00 English Books
  Written-off vide DLB M. No. 383 dt 16.05.19   Non-fiction Karol Bagh Karol Bagh 07/06/2012 K.K.Pub/1658/24.01.2012/25/24.01.2012/06.02.2012 125.00 646.72 SHA B-457858 1 125.00 English Books
      Non-fiction Narela Narela 07/06/2012 K.K.Pub/1658/24.01.2012/25/24.01.2012/06.02.2012 125.00 646.72 SHA B-457859 1 125.00 English Books
Withdrawn     Non-fiction Patel Nagar Patel Nagar 07/06/2012 K.K.Pub/1658/24.01.2012/25/24.01.2012/06.02.2012 125.00 646.72 SHA B-457852 1 125.00 English Books
      Non-fiction R.K.Puram-8 R.K.Puram-8 07/06/2012 K.K.Pub/1658/24.01.2012/25/24.01.2012/06.02.2012 125.00 646.72 SHA B-457855 1 125.00 English Books
      Non-fiction Sarojini Nagar Sarojini Nagar 07/06/2012 K.K.Pub/1658/24.01.2012/25/24.01.2012/06.02.2012 125.00 646.72 SHA B-457854 1 125.00 English Books
  Written-off vide DLB M. No. 383 dt 16.05.19   Non-fiction Shahdara Branch Shahdara Branch 07/06/2012 K.K.Pub/1658/24.01.2012/25/24.01.2012/06.02.2012 125.00 646.72 SHA B-457860 1 125.00 English Books
      Non-fiction Vinoba Puri Vinoba Puri 07/06/2012 K.K.Pub/1658/24.01.2012/25/24.01.2012/06.02.2012 125.00 646.72 SHA B-457857 1 125.00 English Books

© Delhi Public Library
Hit Counter
free hit counter